The Ultimate Game Of Thrones Quiz 🎬 - Statistics

General Stats
  • This quiz has been taken 87 times
  • The average score is 11 of 30
Answer Stats
Hint Answer % Correct
In 'Game of Thrones', who named their direwolf after the Rhoynar Warrior Queen? Arya
93%
What House rules The Reach? Tyrrell
80%
In 'Game of Thrones', who promised Tywin that she could marry Prince Rhaegar? Cersei
76%
Gwendoleine Christine plays what role? Brienne
73%
Who is the only surviving child of the Lord of Tarth? Brienne
73%
In 'Game of Thrones' what is Arya Starks sword called? Needle
73%
A bastard born in Dorne has what surname? Sand
68%
In 'Game of Thrones', how old was King Daeron Targaryen when he conquered Dorne? 14
56%
In 'Game of Thrones', how old was Jamie Lannister when he was knighted? 15
51%
In 'Game of Thrones', what dragon incinerates Kraznys mo Nakloz? Drogon
47%
Jon Snow is a member of what group? Night's Watch
46%
Who is Samwell's father? Randyll
42%
What is the largest castle in Westeros? Harrenhal
39%
What was in the wedding pie at King Joffrey's wedding? Doves
32%
Lord Roose Bolton is the Lord of what? The Dreadfort
29%
In 'Game of Thrones', what area is also known as The Shadow Lands? Asshai
25%
In 'Game of Thrones', how many manned castles did the Night's Watch have at the height of its power? 7
24%
In 'Game of Thrones', who created the Kingsguard? Aegon
24%
Who built the moneument Harrenhal? Harren The Black
24%
Lord Varys became a eunich in what free city? Myr
24%
What was the largest battle in the War of the Five Kings? Blackwater
19%
In 'Game of Thrones', what knight did Bronn defeat for Tyrion? Vardis Egen
19%
Evanfall Hall is part of what location? The Stormlands
14%
What are the victims of the Others called? Wights
14%
In 'Game of Thrones', what House rules the Kingdom of the Reach? Gardener
12%
In 'Game of Thrones', Mark Stanley plays what role? Grenn
5%
Melisandre holds what title? Priestess
3%
In 'Game of Thrones', the Second Sons were defeated while defending what city? Qohor
3%
In 'Game of Thrones', Ygritte met with Jon Snow while part of a wilding scouting party with who's band? Rattleshirt
3%
Tywin Lannister brought the Brave Companions to what location during the War of the Five Kings? Westeros
2%
No matching quizzes found
Score Distribution
Percent of People with Each Score
Percentile by Number Answered
Your Score History
You have not taken this quiz